Anthony Ramos Movies! - Statistics

General Stats
  • This quiz has been taken 10 times
  • The average score is 4 of 16
Answer Stats
Hint Answer % Correct
2020 Hamilton
88%
2021 In the Heights
88%
2018 A Star is Born
38%
2020 Honest Thief
38%
2018 Monsters and Men
38%
2022 The Bad Guys
38%
2023 Transformers: Rise of the Beasts
25%
2022 Distant
13%
2019 Godzilla: King of the Monsters
13%
2017 Patti Cake$
13%
2018 Summer Days, Summer Nights
13%
2016 White Girl
13%
2021 Space Jam: A New Legacy
0%
2020 The High Note
0%
2014 This American Life: One Night Only at BAM
0%
2020 Trolls 2: World Tour
0%
No matching quizzes found
Score Distribution
Percent of People with Each Score
Percentile by Number Answered
Your Score History
You have not taken this quiz